00414 2200157 4500001002100000005001700021020001800038035002500056082000800081100003800089245002500127250001000152260004300162300004200205990000900247INLIS00000000000967120150112154412.0 a979-421-160-5 a0010-011500000002444 a634 aProf. Dr. Hasan Basri Jumin, M.Sc aDASAR-DASAR AGRONOMI aCet.I aJakartabPT Rajagrafindo persadac2008 axiii, 250hlm,; 14 x 21 cmc14 x 21 cm a4322